[Event "Hamburg HSK Easter op"]
[Site "Hamburg"]
[Date "2024.04.01"]
[Round "7"]
[White "Stahl, Alexander"]
[Black "Koop, Th Boerge"]
[Result "1-0"]
[WhiteElo "1710"]
[BlackElo "1918"]
[PlyCount "73"]
[EventDate "2024.03.29"]
[EventType "swiss"]
[EventRounds "7"]
[EventCountry "GER"]
[SourceTitle "CB18_2024"]
[SourceDate "2024.05.01"]
[SourceVersion "1"]
[SourceVersionDate "2024.05.01"]
[SourceQuality "2"]

1. d4 d5 2. Nf3 Nf6 3. c4 e6 4. g3 c6 5. Bg2 Bd6 6. Qc2 0-0 7. 0-0 Nbd7 8. Nbd2 e5 9. e4 dxe4 10. Nxe5 Nxe5 11. dxe5 Bxe5 12. Nxe4 Bf5 13. Bg5 Kh8 14. Rad1 Qb6 15. Rfe1 Rfe8 16. b3 Rad8 17. Rxd8 Qxd8 18. Qe2 Bd4 19. Qf3 Qa5 20. Bd2 Bxe4 21. Bxa5 Bxf3 22. Rxe8+ Nxe8 23. Bxf3 f5 24. Bd2 Nf6 25. h3 h6 26. Kf1 Ne4 27. Bxe4 fxe4 28. Ke2 g5 29. Be3 c5 30. f3 Bxe3 31. Kxe3 exf3 32. Kxf3 Kg7 33. Ke4 Kf6 34. Kd5 b6 35. a3 Kf5 36. b4 cxb4 37. axb4 1-0

[Event "Hamburg HSK Easter op"]
[Site "Hamburg"]
[Date "2024.03.30"]
[Round "3"]
[White "Klaeke, Gregor"]
[Black "Koop, Th Boerge"]
[Result "0-1"]
[WhiteElo "1730"]
[BlackElo "1918"]
[PlyCount "90"]
[EventDate "2024.03.29"]
[EventType "swiss"]
[EventRounds "7"]
[EventCountry "GER"]
[SourceTitle "CB18_2024"]
[SourceDate "2024.05.01"]
[SourceVersion "1"]
[SourceVersionDate "2024.05.01"]
[SourceQuality "2"]

1. e4 e5 2. Nf3 Nc6 3. Bb5 a6 4. Ba4 Nf6 5. 0-0 d6 6. d3 Bg4 7. Nbd2 b5 8. Bb3 Nd4 9. c3 Nxb3 10. Qxb3 Be7 11. h3 Be6 12. Qc2 c5 13. d4 cxd4 14. cxd4 Rc8 15. Qd3 exd4 16. Nxd4 Qd7 17. Nxe6 Qxe6 18. b3 Qe5 19. Rb1 Rc3 20. Qe2 Rc2 21. f4 Qd4+ 22. Kh1 0-0 23. e5 Nd5 24. Nf3 Qc5 25. Qe4 Rxa2 26. Bb2 dxe5 27. Rfc1 Nf6 28. Qxe5 Qxe5 29. Nxe5 Ne4 30. Nf3 Nf2+ 31. Kh2 Nd3 32. Rc7 Bd6 33. Rc2 Bxf4+ 34. g3 Be5 35. Nxe5 Nxe5 36. Kg2 f6 37. Rd2 Rc8 38. Ra1 Rxa1 39. Bxa1 a5 40. h4 a4 41. Bxe5 fxe5 42. bxa4 bxa4 43. Ra2 Ra8 44. Kf3 a3 45. Ke4 Ra5 0-1

[Event "Hamburg HSK Easter op"]
[Site "Hamburg"]
[Date "2024.03.29"]
[Round "1"]
[White "Hock, Reiner"]
[Black "Koop, Th Boerge"]
[Result "0-1"]
[WhiteElo "1602"]
[BlackElo "1918"]
[PlyCount "104"]
[EventDate "2024.03.29"]
[EventType "swiss"]
[EventRounds "7"]
[EventCountry "GER"]
[SourceTitle "CB18_2024"]
[SourceDate "2024.05.01"]
[SourceVersion "1"]
[SourceVersionDate "2024.05.01"]
[SourceQuality "2"]

1. e4 e5 2. Nf3 Nc6 3. Bc4 Bc5 4. c3 Nf6 5. d4 exd4 6. cxd4 Bb4+ 7. Bd2 Bxd2+ 8. Nbxd2 d5 9. exd5 Nxd5 10. 0-0 0-0 11. Ne5 Nxd4 12. Ndf3 Nxf3+ 13. Qxf3 c6 14. Rad1 Be6 15. Qb3 Qc7 16. Bxd5 Bxd5 17. Qc3 Rad8 18. a3 Rfe8 19. Rfe1 f6 20. Nc4 Rxe1+ 21. Rxe1 Qf7 22. Ne3 Be6 23. Qc5 Qd7 24. Qc2 Qc7 25. b4 Rd4 26. Nf5 Bxf5 27. Qxf5 Qd7 28. Qf3 Rd3 29. Qe4 Rxa3 30. Qc4+ Qd5 31. Qe2 Qf7 32. h4 a5 33. b5 cxb5 34. Qxb5 h5 35. Re8+ Kh7 36. Rb8 Ra1+ 37. Kh2 Qc7+ 38. g3 Qxb8 39. Qxh5+ Kg8 40. Qd5+ Kf8 41. Qc5+ Ke8 42. Qh5+ Ke7 43. Qh7 Kf7 44. Qh5+ Ke6 45. Qg4+ Kd5 46. Qxg7 b5 47. Qxf6 Qe5 48. Qf3+ Qe4 49. Qf7+ Kc5 50. Qh5+ Kb4 51. g4 Rh1+ 52. Kg3 Rg1+ 0-1

[Event "Hamburg HSK Christmas op 4th"]
[Site "Hamburg"]
[Date "2018.12.27"]
[Round "1"]
[White "Koop, Th Boerge"]
[Black "Mueller, Nico"]
[Result "1-0"]
[WhiteElo "1846"]
[BlackElo "1546"]
[PlyCount "83"]
[EventDate "2018.12.27"]
[EventType "swiss"]
[EventRounds "7"]
[EventCountry "GER"]
[SourceTitle "CBM 188 Extra"]
[Source "ChessBase"]
[SourceDate "2019.02.26"]
[SourceVersion "1"]
[SourceVersionDate "2019.02.26"]
[SourceQuality "1"]

1. e4 c5 2. c3 d5 3. exd5 Qxd5 4. d4 e6 5. Nf3 Nd7 6. Be2 Ngf6 7. 0-0 a6 8. Bf4 cxd4 9. cxd4 b5 10. Ne5 Nxe5 11. Bxe5 Qd8 12. Bf3 Ra7 13. Bb8 Re7 14. Nc3 g6 15. Be5 Ra7 16. Ne4 Be7 17. Rc1 0-0 18. Rxc8 Qxc8 19. Nxf6+ Bxf6 20. Bxf6 h5 21. Qd2 Kh7 22. Bxh5 Rg8 23. Qg5 Rc7 24. Bf3 Qf8 25. Be4 Qh6 26. f4 Qxg5 27. fxg5 Rh8 28. Rf3 Kg8 29. Bxh8 Kxh8 30. Rc3 Rd7 31. Rd3 Kg7 32. Kf2 Rc7 33. Rc3 Rd7 34. Ke3 Rd8 35. h4 Rh8 36. g3 Rb8 37. b4 Kf8 38. Rc6 a5 39. bxa5 Ra8 40. a6 Ra7 41. Rb6 Kg7 42. Bb7 1-0

[Event "Hamburg HSK Christmas op 4th"]
[Site "Hamburg"]
[Date "2018.12.27"]
[Round "2"]
[White "Schellhorn, Wolfgang"]
[Black "Koop, Th Boerge"]
[Result "0-1"]
[WhiteElo "2138"]
[BlackElo "1846"]
[PlyCount "76"]
[EventDate "2018.12.27"]
[EventType "swiss"]
[EventRounds "7"]
[EventCountry "GER"]
[SourceTitle "CBM 188 Extra"]
[Source "ChessBase"]
[SourceDate "2019.02.26"]
[SourceVersion "1"]
[SourceVersionDate "2019.02.26"]
[SourceQuality "1"]

1. e4 e5 2. Nf3 Nc6 3. Bc4 Bc5 4. b4 Bxb4 5. c3 Ba5 6. d4 exd4 7. 0-0 d6 8. Qb3 Qf6 9. cxd4 Bb6 10. e5 Qg6 11. exd6 cxd6 12. Re1+ Nge7 13. d5 Nd4 14. Nxd4 Bxd4 15. Bb2 Bxb2 16. Qxb2 Qf6 17. Bb5+ Kf8 18. Nc3 a6 19. Qa3 Bf5 20. Rac1 Rc8 21. Ba4 g5 22. Ne4 Rxc1 23. Qxc1 Qd4 24. Nxd6 Qxa4 25. Nxf5 Nxf5 26. Qc8+ Kg7 27. Qxf5 h6 28. Qe5+ f6 29. Qe7+ Kg6 30. d6 Rh7 31. Qe6 Rf7 32. g4 Qd7 33. Qe4+ Kg7 34. h3 Qxd6 35. Qf5 Re7 36. Rc1 Qa3 37. Rc2 Qxh3 38. Rc1 h5 0-1

[Event "Kiel op 22nd"]
[Site "Kiel"]
[Date "2009.08.04"]
[Round "5"]
[White "Schulze, Klaus Dieter"]
[Black "Koop, Th Boerge"]
[Result "0-1"]
[WhiteElo "1577"]
[BlackElo "1898"]
[PlyCount "54"]
[EventDate "2009.08.01"]
[EventType "swiss"]
[EventRounds "7"]
[EventCountry "GER"]
[SourceTitle "EXT 2010"]
[Source "ChessBase"]
[SourceDate "2010.11.25"]
[SourceVersion "1"]
[SourceVersionDate "2010.11.25"]
[SourceQuality "1"]

1. e4 e5 2. Nc3 Bc5 3. Nf3 d6 4. Be2 f5 5. 0-0 Nc6 6. a3 a6 7. d3 f4 8. b4 Ba7 9. Bb2 Nd4 10. Nxd4 Bxd4 11. Na4 Ba7 12. Bg4 Nh6 13. Bxc8 Rxc8 14. Qh5+ Nf7 15. Nc3 Bd4 16. Na4 Qd7 17. Nc3 Qc6 18. Qf5 Bxc3 19. Bxc3 0-0 20. Be1 Qxc2 21. d4 g6 22. Qg4 Qxe4 23. dxe5 Nxe5 24. Qd1 f3 25. g3 Qg4 26. Bc3 Qh3 27. Qd5+ Rf7 0-1

[Event "Kiel op 22nd"]
[Site "Kiel"]
[Date "2009.08.03"]
[Round "3"]
[White "Hantelmann, Niels"]
[Black "Koop, Th Boerge"]
[Result "0-1"]
[WhiteElo "1768"]
[BlackElo "1898"]
[PlyCount "40"]
[EventDate "2009.08.01"]
[EventType "swiss"]
[EventRounds "7"]
[EventCountry "GER"]
[SourceTitle "EXT 2010"]
[Source "ChessBase"]
[SourceDate "2010.11.25"]
[SourceVersion "1"]
[SourceVersionDate "2010.11.25"]
[SourceQuality "1"]

1. e4 e5 2. Nf3 Nc6 3. Bb5 a6 4. Ba4 Nf6 5. 0-0 d6 6. d4 b5 7. Bb3 Bg4 8. c3 Be7 9. d5 Na5 10. Bc2 c5 11. Be3 Nc4 12. b3 Nxe3 13. fxe3 Qb6 14. Qe2 0-0 15. Nbd2 Nh5 16. a4 g6 17. Bd3 c4 18. Bc2 cxb3 19. Nxb3 Bg5 20. Rfe1 f5 0-1

[Event "Kiel op 22nd"]
[Site "Kiel"]
[Date "2009.08.01"]
[Round "1"]
[White "Voelzke, Ferdinand"]
[Black "Koop, Th Boerge"]
[Result "1-0"]
[WhiteElo "2243"]
[BlackElo "1898"]
[PlyCount "51"]
[EventDate "2009.08.01"]
[EventType "swiss"]
[EventRounds "7"]
[EventCountry "GER"]
[SourceTitle "EXT 2010"]
[Source "ChessBase"]
[SourceDate "2010.11.25"]
[SourceVersion "1"]
[SourceVersionDate "2010.11.25"]
[SourceQuality "1"]

1. Nf3 Nf6 2. c4 e6 3. g3 b6 4. Bg2 Bb7 5. 0-0 d5 6. b3 c5 7. Bb2 Bd6 8. cxd5 exd5 9. d4 0-0 10. Nc3 Nbd7 11. Nh4 cxd4 12. Nb5 Bc5 13. Bxd4 Ba6 14. Nc3 Bb7 15. Nf5 Re8 16. Qd2 Bxd4 17. Qxd4 Nc5 18. Rfd1 Qd7 19. Bh3 Qc6 20. f3 Ne6 21. Qd2 Qc5+ 22. Kf1 h6 23. Rac1 Ng5 24. Bg2 Re5 25. Nd4 Re7 26. Ncb5 1-0

[Event "Baltic Sea Cup"]
[Site "Bornholm"]
[Date "2008.07.31"]
[Round "4"]
[White "Koop, Th Boerge"]
[Black "Berg, Peter"]
[Result "0-1"]
[WhiteElo "1568"]
[BlackElo "1998"]
[PlyCount "86"]
[EventDate "2008.07.29"]
[EventType "swiss"]
[EventRounds "10"]
[EventCountry "DEN"]
[SourceTitle "CBM 125 Extra"]
[Source "ChessBase"]
[SourceDate "2008.09.01"]
[SourceVersion "1"]
[SourceVersionDate "2008.09.01"]
[SourceQuality "1"]

1. e4 c6 2. d4 d5 3. e5 Bf5 4. Nc3 e6 5. g4 Bg6 6. h4 h5 7. g5 Nd7 8. Bd3 Bxd3 9. Qxd3 g6 10. Nge2 Ne7 11. Ng3 c5 12. f4 cxd4 13. Nb5 Nc6 14. Nxd4 Nc5 15. Qe3 Qa5+ 16. Bd2 Qa4 17. c3 Qa6 18. b4 Nd3+ 19. Kd1 Nxd4 20. Qxd4 Nb2+ 21. Ke1 Nc4 22. a4 b5 23. a5 Qc6 24. Bc1 a6 25. Ne2 Be7 26. Kf1 Bd8 27. Rh3 Bc7 28. Kg2 Bb8 29. Qd1 d4+ 30. Kh2 dxc3 31. Nxc3 0-0 32. Rd3 Bc7 33. Qf3 Qxf3 34. Rxf3 Rfd8 35. Ne4 Nxe5 36. Rc3 Nc4 37. Nc5 Rd1 38. Kg3 e5 39. Ra2 exf4+ 40. Bxf4 Bxf4+ 41. Kxf4 Rd4+ 42. Kg3 Rg4+ 43. Kh3 Nd6 0-1

[Event "Baltic Sea Cup"]
[Site "Bornholm"]
[Date "2008.07.29"]
[Round "1"]
[White "Hansen, Martin"]
[Black "Koop, Th Boerge"]
[Result "0-1"]
[WhiteElo "2128"]
[BlackElo "1568"]
[PlyCount "58"]
[EventDate "2008.07.29"]
[EventType "swiss"]
[EventRounds "10"]
[EventCountry "DEN"]
[SourceTitle "CBM 125 Extra"]
[Source "ChessBase"]
[SourceDate "2008.09.01"]
[SourceVersion "1"]
[SourceVersionDate "2008.09.01"]
[SourceQuality "1"]

1. e4 e5 2. Nf3 Nc6 3. Bb5 a6 4. Ba4 d6 5. d4 b5 6. Bb3 exd4 7. Nxd4 Nxd4 8. Qxd4 c5 9. Qc3 c4 10. Bxc4 bxc4 11. Qxc4 Be6 12. Qd3 Qc7 13. Nd2 Be7 14. 0-0 Bf6 15. f4 Ne7 16. c3 g6 17. e5 dxe5 18. Ne4 Bg7 19. Nd6+ Kf8 20. fxe5 Bxe5 21. Bh6+ Kg8 22. Qf3 Bd5 23. Ne4 f5 24. Rae1 Bg7 25. Nf6+ Bxf6 26. Rxe7 Qc5+ 27. Be3 Bxf3 28. Bxc5 Bxe7 29. Bxe7 Kf7 0-1

[Event "Schleswig Holstein-ch A 62nd"]
[Site "Itzehoe"]
[Date "2007.04.06"]
[Round "9"]
[White "Koop, Th Boerge"]
[Black "Rehder, Andrea"]
[Result "1/2-1/2"]
[WhiteElo "1382"]
[BlackElo "1533"]
[PlyCount "20"]
[EventDate "2007.03.31"]
[EventType "swiss"]
[EventRounds "9"]
[EventCountry "GER"]
[SourceTitle "EXT 2010"]
[Source "ChessBase"]
[SourceDate "2010.11.25"]
[SourceVersion "1"]
[SourceVersionDate "2010.11.25"]
[SourceQuality "1"]

1. e4 c5 2. c3 Nc6 3. Nf3 e5 4. d4 cxd4 5. cxd4 exd4 6. Nxd4 Nf6 7. Nxc6 bxc6 8. Bd3 Be7 9. 0-0 0-0 10. Qf3 d6 1/2-1/2

[Event "Schleswig Holstein-ch A 62nd"]
[Site "Itzehoe"]
[Date "2007.04.02"]
[Round "4"]
[White "Haase, Erich"]
[Black "Koop, Th Boerge"]
[Result "1/2-1/2"]
[WhiteElo "1637"]
[BlackElo "1382"]
[PlyCount "152"]
[EventDate "2007.03.31"]
[EventType "swiss"]
[EventRounds "9"]
[EventCountry "GER"]
[SourceTitle "EXT 2010"]
[Source "ChessBase"]
[SourceDate "2010.11.25"]
[SourceVersion "1"]
[SourceVersionDate "2010.11.25"]
[SourceQuality "1"]

1. c4 e5 2. Nc3 Nf6 3. d3 Nc6 4. g3 Bc5 5. Bg2 d6 6. Nf3 0-0 7. Bg5 h6 8. Bd2 Be6 9. 0-0 d5 10. Na4 Be7 11. b3 e4 12. Ne1 exd3 13. exd3 dxc4 14. dxc4 Qd7 15. Bf4 Bd6 16. Bxd6 Qxd6 17. Qxd6 cxd6 18. f4 Bf5 19. Rd1 Rad8 20. Nc3 Ng4 21. Rf3 Rfe8 22. h3 Ne3 23. Rc1 Nxg2 24. Kxg2 Nd4 25. Rf2 Be4+ 26. Kf1 Bc6 27. Rd2 Nf5 28. Kf2 Re6 29. g4 Ne3 30. Nd5 Bxd5 31. cxd5 Re7 32. Nf3 f5 33. g5 Rde8 34. Nd4 Nxd5 35. Nxf5 Nxf4 36. Nxe7+ Rxe7 37. gxh6 Nxh3+ 38. Kf3 Ng5+ 39. Kf4 Nf7 40. hxg7 Kxg7 41. Rg1+ Kf6 42. Rdg2 Ne5 43. Rd2 Ng6+ 44. Kg3 Rd7 45. Rf2+ Ke6 46. Rgf1 Ne5 47. Re2 Rg7+ 48. Kh4 Kd5 49. Rf6 Rd7 50. Rd2+ Kc5 51. a4 a5 52. Kg3 Nf7 53. Rc2+ Kd5 54. Kf4 b6 55. Rh2 Ne5 56. Rh5 Rc7 57. Rh3 Rc8 58. Rf5 Ke6 59. Ke4 Rc5 60. Rh6+ Kd7 61. Rff6 Rc6 62. Rh7+ Ke8 63. Ra7 Nd7 64. Rh6 d5+ 65. Kxd5 Rxh6 66. Ra8+ Ke7 67. Ra7 Rd6+ 68. Kc4 Ke6 69. Ra8 Ne5+ 70. Kb5 Nd3 71. Rb8 Nc1 72. b4 axb4 73. Kxb4 Nd3+ 74. Kb5 Nb2 75. Rxb6 Rxb6+ 76. Kxb6 Nxa4+ 1/2-1/2

[Event "Schleswig Holstein-ch A 62nd"]
[Site "Itzehoe"]
[Date "2007.04.01"]
[Round "2"]
[White "Koop, Th Boerge"]
[Black "Gehl, Hartmut"]
[Result "0-1"]
[WhiteElo "1382"]
[BlackElo "1723"]
[PlyCount "82"]
[EventDate "2007.03.31"]
[EventType "swiss"]
[EventRounds "9"]
[EventCountry "GER"]
[SourceTitle "EXT 2010"]
[Source "ChessBase"]
[SourceDate "2010.11.25"]
[SourceVersion "1"]
[SourceVersionDate "2010.11.25"]
[SourceQuality "1"]

1. e4 c6 2. d4 d5 3. exd5 cxd5 4. Nf3 Nf6 5. c4 e6 6. cxd5 Nxd5 7. Bb5+ Bd7 8. Bxd7+ Nxd7 9. 0-0 Bd6 10. Nc3 N7f6 11. Bg5 Nxc3 12. bxc3 0-0 13. Qd3 Rc8 14. c4 Be7 15. Rac1 Qc7 16. Rc2 Rfd8 17. Rd1 b6 18. Qb3 Rd7 19. Rdc1 Rcd8 20. Rd1 Qb8 21. Qb2 h6 22. Bh4 Ne4 23. Bxe7 Rxe7 24. Ne5 Qxe5 25. Re2 Qf5 26. Qc2 Nd6 27. c5 Qxc2 28. Rxc2 Rc7 29. Rdc1 Rdc8 30. Kf1 bxc5 31. Rxc5 Rxc5 32. Rxc5 Rxc5 33. dxc5 Nc8 34. Ke2 Kf8 35. Kd3 Ke7 36. Kc4 Kd7 37. Kb5 Kc7 38. a4 f5 39. a5 e5 40. Kc4 Kc6 41. g3 Ne7 0-1